000 00501nam a22001937a 4500
003 koha_MIRAKIL
005 20231213095911.0
008 231213b |||||||| |||| 00| 0 ||| d
020 _b978-9-75885998-6
040 _aTR-IsEVY
_btur
_cTR-IsEVY
082 _aFIC NIL/E
100 _aNilsson, Ulf.
245 0 _aElveda bay Muffin
260 _bKanat,
_c2009
300 _a[44] s.
650 _aChildren's literature -- short story.
650 _aÇocuk edebiyatı -- hikaye.
942 _2ddc
_cBK
999 _c11292
_d11292